| 000 | 00445nam a22001817a 4500 | ||
|---|---|---|---|
| 005 | 20230530120607.0 | ||
| 008 | 230524b |||||||| |||| 00| 0 eng d | ||
| 020 | _a9788122412246 | ||
| 082 |
_a621.69 _bSAH-P |
||
| 100 | _aSahu;G.K | ||
| 245 |
_aPumps: _bRotodynamic and Positive |
||
| 260 |
_aIndia _bNew Age International _c2012 |
||
| 300 | _a303 | ||
| 500 | _aIncludes Index | ||
| 650 | _aEngineering | ||
| 700 | _aG.K.Sahu | ||
| 999 |
_c18477 _d18477 |
||